Statistics for Culinary Quiz

Click here to take the quiz!

General Stats

  • This quiz has been taken 68 times
    (61 since last reset)
  • The average score is 4 of 20

Answer Stats

QuestionAnswer% Correct
What common farm animal is considered to have no useful purpose while alive?Pig
57%
Name the delicacy which grows underground on tree rootsTruffles
57%
What is the name for a mixture of chocolate and cream?Ganache
53%
Which organism is called "uni" when served as a food?Sea Urchin
49%
What asian fruit is banned in some areas due to its aroma?Durian
43%
Which crop is most grown in the world?Wheat
38%
What category of fruit is a banana?Berry
25%
What is "biltong"?Dried meat
23%
In which country did "biltong" originate?South Africa
23%
Name the food related toxin used in the plastic surgery industryBotox
19%
What is the name for a partially developed duck embryo cooked in the shell?Balut
11%
What scale is used to measure the spiciness of chillies?Scoville Scale
11%
What common food is believed to have been invented by John Montagu?Sandwich
9%
What seafood may be sold as "flake" or "steakfish"?Shark
8%
What cooking utensil is commonly used by Moroccans for preparing meals?Tagine
6%
What natural food has antiseptic and antibacterial properties?Honey
2%
Name the haggis ingredient which causes it to be banned in the USALung
2%
Name the Greek dish comprising meat and rice wrapped in a grape leafDolmades
0%
What is the term for a sheep between one and two years of age?Hogget
0%
Name the alcohol distilled from potatoes or grainPoteen
0%

Score Distribution

Percentile by Number Answered

Percent of People with Each Score

Your Score History

You have not taken this quiz since the last reset